000 00969nas a2200265 i 4500
001 123832
003 SpMaBN
005 20250724062612.0
008 202003c1999 sp q| p | b||pa d
080 _a061.236(460.313 V.)
080 _a008
245 0 0 _aAteneo
_b: revista del Ateneo Mercantil de Valencia.
260 _aValencia :
_bAteneo Mercantil,
_c[1999-
300 _av. :
_bil. col. ;
_c30 cm.
362 0 _aAño 1, 1 (sept. 1999)-
500 _aTít. tomado de cub.
530 _aÚltimos números disponibles en formato digital.
580 _aCon anterioridad el Ateneo publicó otras revistas que la entidad considera sus antecesoras.
610 2 4 _aAteneo Mercantil (Valencia)
_92050
650 7 _aCultura
_2embne
_9170963
710 2 _aAteneo Mercantil (Valencia)
_92050
852 _aES-MaACL
_jSin signatura
856 _uhttps://www.ateneovalencia.es/comunicacion/revista-ateneo/
_zAteneo Mercantil de Valencia
999 _c123832
_d123832